00750pab a2200229 454500008004000000100002200040245006800062260000900130300001200139362001100151650003000162650003700192650004000229650004100269650002500310700001700335700001800352773001900370909001000389999001700399952010400416180718b2000 xxu||||| |||| 00| 0 eng d aConnolly, Michael aVocational and technical higher education in the United Kingdom c2000 ap.18-39 aSpring aEducation - Great Britain aHigher education - Great Britain aTechnical education - Great Britain aVocational education - Great Britain aVocational education aJones, Norah aHodson, Peter aAdministration a45374 c45374d45374 00104070aIIPAbIIPAd2018-07-19hVolume no: 48, Issue no: 1pAR45796r2018-07-19w2018-07-19yAR